Accounting : (Record no. 344793)
[ view plain ]
| 000 -LEADER | |
|---|---|
| fixed length control field | 00815 a2200241 4500 |
| 020 ## - INTERNATIONAL STANDARD BOOK NUMBER | |
| International Standard Book Number | 007069348X |
| 020 ## - INTERNATIONAL STANDARD BOOK NUMBER | |
| International Standard Book Number | 9780070693487 |
| 082 04 - DEWEY DECIMAL CLASSIFICATION NUMBER | |
| Classification number | 657 |
| 090 ## - LOCALLY ASSIGNED LC-TYPE CALL NUMBER (OCLC); LOCAL CALL NUMBER (RLIN) | |
| -- | 2292 |
| -- | 2292 |
| 100 1# - MAIN ENTRY--PERSONAL NAME | |
| Personal name | Weaver, D. H. |
| 245 10 - TITLE STATEMENT | |
| Title | Accounting : |
| Remainder of title | systems and procedures, advanced course / |
| Statement of responsibility, etc. | D. H. Weaver. |
| 250 ## - EDITION STATEMENT | |
| Edition statement | 2 Sub ed. |
| 260 ## - PUBLICATION, DISTRIBUTION, ETC. | |
| Place of publication, distribution, etc. | [S.l.] : |
| Name of publisher, distributor, etc. | Gregg/Community College Div, |
| Date of publication, distribution, etc. | 1989. |
| 300 ## - PHYSICAL DESCRIPTION | |
| Extent | 597 p. |
| 490 1# - SERIES STATEMENT | |
| Series statement | Mcgraw-hill accounting 10/12 series. |
| 500 ## - GENERAL NOTE | |
| General note | Hardcover. |
| 700 1# - ADDED ENTRY--PERSONAL NAME | |
| Personal name | Smiley, James M. |
| 700 1# - ADDED ENTRY--PERSONAL NAME | |
| Personal name | Brower, Edward B. |
| 830 #0 - SERIES ADDED ENTRY--UNIFORM TITLE | |
| Uniform title | Mcgraw-hill accounting 10/12 series. |
| 856 40 - ELECTRONIC LOCATION AND ACCESS | |
| Materials specified | Amazon.com |
| Uniform Resource Identifier | <a href="http://www.amazon.com/exec/obidos/ASIN/007069348X/chopaconline-20">http://www.amazon.com/exec/obidos/ASIN/007069348X/chopaconline-20</a> |
| 856 40 - ELECTRONIC LOCATION AND ACCESS | |
| Materials specified | Amazon customer reviews |
| Uniform Resource Identifier | <a href="http://www.chopac.org/cgi-bin/tools/azrev.pl?q=007069348X">http://www.chopac.org/cgi-bin/tools/azrev.pl?q=007069348X</a> |
| 942 ## - ADDED ENTRY ELEMENTS (KOHA) | |
| Institution code [OBSOLETE] | NBS |
| Koha item type | Book |
| Call number prefix | 657 WEA |
| Withdrawn status | Lost status | Damaged status | Not for loan | Permanent Location | Current Location | Date acquired | Total Checkouts | Full call number | Barcode | Date last seen | Price effective from | Koha item type |
|---|---|---|---|---|---|---|---|---|---|---|---|---|
| Central Library (CL) | Central Library (CL) | 08/28/2013 | 657 WEA | NBS2796 | 08/28/2013 | 08/28/2013 | Book |
